000 00878nam a22003135i 4500
001 22881736
003 NUST
005 20250414182302.0
008 221129s2022 inu 000 0 eng
010 _a 2022950780
020 _a9781119912484
_q(paperback)
020 _z9781119912491
_q(adobe pdf)
020 _z9781119912507
_q(epub)
040 _aDLC
_beng
_erda
_cDLC
042 _apcc
082 _a658.4012 COX
100 1 _aCox, Alison,
_eauthor.
_9128663
245 1 0 _aBusiness Analysis For Dummies /
_cAlison Cox.
250 _a2nd.
263 _a2212
264 1 _aIndianapolis :
_bJohn Wiley and Sons,
_c2022.
300 _apages cm
336 _atext
_btxt
_2rdacontent
337 _aunmediated
_bn
_2rdamedia
338 _avolume
_bnc
_2rdacarrier
906 _a0
_bibc
_corignew
_d2
_eepcn
_f20
_gy-gencatlg
942 _2ddc
_cBK
999 _c613569
_d613569